| 000 | 01031nam0a22002531 4500 | ||
|---|---|---|---|
| 001 | rc\2626803 | ||
| 005 | 20230504142141.0 | ||
| 035 | _a(NLR Aleph) 006790354 | ||
| 090 |
_a6137392 _c6137392 |
||
| 100 | _a20110914d1931 |||y0rusy50 ca | ||
| 101 | 0 | _arus | |
| 102 | _aRU | ||
| 105 | _aa z ||||| | ||
| 200 | 1 |
_aОрганическая химия для техникумов _eС описанием методики постановки опытов для практич. работ _fПроф. В. В. Челинцев |
|
| 210 |
_aМосква _aЛенинград _cОгиз - Гос. науч.-техн. изд-во _d1931 _eЛенинград _gтип. им. Бухарина |
||
| 215 |
_a206 с., 2 с. объявл. _cил. _d23х15 см. |
||
| 300 | _aНа тит. л. дата: "Июнь 1931" | ||
| 700 | 1 |
_aЧелинцев _bВ. В. _f1877-1947 _gВладимир Васильевич |
|
| 801 | 0 |
_aRU _bNLR _gpsbo |
|
| 801 | 1 |
_aRU _bELAR _2rusmarc |
|
| 852 |
_aNLR _j31-4/654 |
||
| 942 | _cBOOK | ||
| 980 | _aNB | ||